[Event "World Rapid 2018"]
[Site "St Petersburg RUS"]
[Date "2018.12.26"]
[Round "1.63"]
[White "Bilguun, Sumiya"]
[Black "Mchedlishvili, Mikheil"]
[Result "0-1"]
[WhiteTitle "IM"]
[BlackTitle "GM"]
[WhiteElo "2497"]
[BlackElo "2610"]
[WhiteFideId "4901541"]
[BlackFideId "13600966"]
[EventDate "2018.12.26"]

1. e4 c5 2. Nf3 e6 3. d4 cxd4 4. Nxd4 Nc6 5. Nc3 Qc7 6. g3 a6 7. Bg2 d6 8. Nxc6
bxc6 9. O-O Nf6 10. Na4 Bb7 11. c4 c5 12. Re1 Nd7 13. b3 Be7 14. Bb2 O-O 15. Qd2
Ne5 16. Rad1 Rfd8 17. Bc3 Nc6 18. Bb2 Rab8 19. Qe3 e5 20. Nc3 Nd4 21. Qd2 Bf6
22. Nd5 Bxd5 23. exd5 g6 24. Bc3 Re8 25. Ba5 Qd7 26. b4 Rec8 27. Rb1 cxb4 28.
Rec1 b3 29. Bb4 Rxb4 30. Qxb4 Ne2+ 31. Kf1 Nxc1 32. Rxc1 bxa2 33. Qa3 Bg5 34.
Rc2 Qg4 35. f3 Qd4 36. Qxa2 Qd3+ 37. Ke1 Rb8 38. h4 Bd8 39. c5 dxc5 40. Rd2 Qe3+
41. Kf1 Ba5 42. Re2 Qc1+ 43. Kf2 Bc3 44. g4 Qf4 45. Kg1 Bd4+ 46. Kh1 Qf6 47. g5
Qf4 48. Re4 Qc1+ 49. Kh2 Rb2 0-1

[Event "World Rapid 2018"]
[Site "St Petersburg RUS"]
[Date "2018.12.26"]
[Round "1.64"]
[White "Alekseenko, Kirill"]
[Black "Hirneise, Tobias"]
[Result "1-0"]
[WhiteTitle "GM"]
[BlackTitle "IM"]
[WhiteElo "2638"]
[BlackElo "2464"]
[WhiteFideId "4135539"]
[BlackFideId "24600881"]
[EventDate "2018.12.26"]

1. e4 e5 2. Nf3 Nc6 3. Bb5 a6 4. Ba4 Nf6 5. O-O Be7 6. Re1 b5 7. Bb3 d6 8. c3
O-O 9. h3 Nb8 10. d4 Nbd7 11. Nbd2 c5 12. d5 c4 13. Bc2 Qc7 14. Nf1 Nc5 15. b3
cxb3 16. axb3 Bd7 17. Bd2 Rfc8 18. Qb1 a5 19. Ng3 Qb7 20. b4 axb4 21. Rxa8 Qxa8
22. cxb4 Na4 23. Bd3 Bd8 24. Kh2 Bb6 25. Rf1 Qa7 26. Be1 Qc7 27. Bd2 Qa7 28. Kg1
Rc7 29. Nh4 g6 30. Be1 Bd4 31. Nf3 Bc3 32. Kh2 Nb6 33. Bxc3 Rxc3 34. Ne2 Rc8 35.
Nd2 Nc4 36. Bxc4 bxc4 37. Nc3 Nh5 38. g3 Qd4 39. Qc1 Rb8 40. Nf3 Qa7 41. Qb2 Qb7
42. Rb1 Bb5 43. Kg2 Nf6 44. Qd2 Kg7 45. Qe3 Ra8 46. Qc1 Bd7 47. b5 Qc8 48. Ng1
Rb8 49. Qa3 Qc7 50. Qb4 Qb6 51. Nf3 Bxh3+ 52. Kxh3 Qxf2 53. Ng1 g5 54. Qb2 g4+
55. Kh4 Qb6 56. Qd2 h6 57. Rf1 Qd8 58. Rxf6 Qxf6+ 59. Kxg4 Rg8 60. Kh3 Qf1+ 61.
Qg2 Qd3 62. Qf3 Ra8 63. Qg4+ Kh8 64. Nge2 Ra3 65. b6 Rxc3 66. Nxc3 Qxc3 67. b7
Qb2 68. Qc8+ Kg7 69. b8=Q 1-0

[Event "World Rapid 2018"]
[Site "St Petersburg RUS"]
[Date "2018.12.26"]
[Round "1.65"]
[White "Anikonov, Dmitry"]
[Black "Potkin, Vladimir"]
[Result "1/2-1/2"]
[WhiteTitle "FM"]
[BlackTitle "GM"]
[WhiteElo "2371"]
[BlackElo "2597"]
[WhiteFideId "24178012"]
[BlackFideId "4131061"]
[EventDate "2018.12.26"]

1. d4 Nf6 2. c4 e6 3. Nc3 Bb4 4. Qc2 O-O 5. Nf3 c5 6. dxc5 Na6 7. g3 Nxc5 8. Bg2
b6 9. O-O Bb7 10. Bf4 Nce4 11. Nxe4 Bxe4 12. Qb3 Qe7 13. Rfd1 Rfc8 14. Rac1 Bc5
15. Ne5 Bxg2 16. Kxg2 h6 17. Qf3 d5 18. Nd3 Bd6 19. Bxd6 Qxd6 20. cxd5 Qxd5 21.
Qxd5 Nxd5 22. e4 Nf6 23. f3 Kf8 24. Kf2 Nd7 25. Ke2 Ke7 26. b4 b5 27. Rxc8 Rxc8
28. Rc1 Rxc1 29. Nxc1 Ne5 30. Nd3 Nc4 31. Nc5 Kd6 32. Nd3 g5 33. h4 f5 34. h5
fxe4 35. fxe4 Ne5 36. Nxe5 Kxe5 37. Kd3 Kd6 38. g4 Ke5 39. Ke3 a6 40. a3 Kd6 41.
Kd4 e5+ 42. Kd3 1/2-1/2

[Event "World Rapid 2018"]
[Site "St Petersburg RUS"]
[Date "2018.12.26"]
[Round "1.67"]
[White "Kabanov, Nikolai"]
[Black "Ragger, Markus"]
[Result "0-1"]
[WhiteTitle "GM"]
[BlackTitle "GM"]
[WhiteElo "2450"]
[BlackElo "2687"]
[WhiteFideId "4127820"]
[BlackFideId "1610856"]
[EventDate "2018.12.26"]

1. e4 e5 2. Nf3 Nc6 3. d4 exd4 4. Nxd4 Nf6 5. Nxc6 bxc6 6. Qe2 d5 7. Nd2 Be7 8.
Qf3 O-O 9. Bd3 Bg4 10. Qg3 Bd6 11. Qh4 h6 12. O-O Re8 13. h3 Bh5 14. exd5 cxd5
15. Nb3 Be2 16. Bxe2 Rxe2 17. Be3 Rxc2 18. Nd4 Rxb2 19. Nf5 Rb4 20. f4 Qd7 21.
Nxh6+ gxh6 22. Qxf6 Qe7 23. Qxe7 Bxe7 24. Rac1 Re4 25. Bc5 Bf6 26. Rfd1 d4 27.
Ba3 Rd8 28. Rc6 Kg7 29. Bc5 a5 30. Rd3 Rxf4 31. Rxc7 Rd5 32. Rg3+ Bg5 33. Rd3
Re4 34. Rf3 Be3+ 35. Kf1 Rf4 36. Bb6 Rxf3+ 37. gxf3 Rb5 38. Ba7 Rb2 39. Rd7 Rd2
40. a4 Kf6 41. Rd5 Ke6 42. Rxa5 Rf2+ 43. Ke1 Rxf3 44. Rh5 f5 45. a5 Kd5 46. a6
Ke4 47. Bb6 Bf2+ 48. Kd1 Ra3 49. Ke2 Be3 50. Rh4+ f4 51. Rxh6 Ke5 0-1

[Event "World Rapid 2018"]
[Site "St Petersburg RUS"]
[Date "2018.12.26"]
[Round "1.68"]
[White "Vitiugov, Nikita"]
[Black "Van Foreest, Jorden"]
[Result "1-0"]
[WhiteTitle "GM"]
[BlackTitle "GM"]
[WhiteElo "2719"]
[BlackElo "2614"]
[WhiteFideId "4152956"]
[BlackFideId "1039784"]
[EventDate "2018.12.26"]

1. e4 c5 2. Nf3 d6 3. Nc3 Nf6 4. e5 dxe5 5. Nxe5 e6 6. Bb5+ Bd7 7. Nxd7 Nbxd7 8.
O-O a6 9. Be2 Qc7 10. d4 Bd6 11. g3 cxd4 12. Qxd4 O-O 13. Ne4 Be5 14. Nxf6+ Bxf6
15. Qe4 Nc5 16. Qf3 Rfd8 17. c3 Rac8 18. Rb1 b5 19. h4 Nd7 20. Bf4 Be5 21. Bg5
Bf6 22. Bf4 Be5 23. Be3 Nb6 24. Rbd1 Nd5 25. Bc1 Rb8 26. h5 h6 27. Bd3 Nf6 28.
a3 Rd5 29. Bb1 Rbd8 30. Rxd5 Rxd5 31. Rd1 Rxd1+ 32. Qxd1 Qd6 33. Qxd6 Bxd6 34.
Bd3 Nxh5 35. b4 Bc7 36. c4 bxc4 37. Bxc4 a5 38. Bd2 axb4 39. Bxb4 Bb6 40. Kg2
Nf6 41. a4 Ng4 42. a5 Ba7 43. Be1 Kf8 44. Be2 f5 45. a6 Ke7 46. Bb4+ Kd8 47. Bc4
Nxf2 48. Bxe6 Ng4 49. Bd6 g6 50. Kf3 Nf6 51. Bf4 g5 52. Be5 Nd7 53. Bg7 f4 54.
Bxd7 Kxd7 55. g4 Kc6 56. Bxh6 Kb5 57. Bxg5 Kxa6 58. Bxf4 Kb5 59. Be3 Bb8 60. Bf4
Ba7 61. g5 Kc6 62. g6 Bd4 63. Ke4 Bg7 64. Be5 Bf8 65. Kf5 Kd7 66. Kf6 Ke8 67.
Bf4 Bc5 68. Kg7 Bd4+ 69. Kh7 Ke7 70. Bh6 Ke6 71. Bg7 Bc5 72. Bb2 Bf8 73. Ba3 1-0

[Event "World Rapid 2018"]
[Site "St Petersburg RUS"]
[Date "2018.12.26"]
[Round "1.70"]
[White "Amin, Bassem"]
[Black "Lobanov, Sergei"]
[Result "1-0"]
[WhiteTitle "GM"]
[BlackTitle "IM"]
[WhiteElo "2710"]
[BlackElo "2526"]
[WhiteFideId "10601457"]
[BlackFideId "24183750"]
[EventDate "2018.12.26"]

1. Nf3 d5 2. g3 Nf6 3. Bg2 c6 4. O-O Bg4 5. d3 Nbd7 6. Nbd2 e5 7. e4 Bd6 8. h3
Bh5 9. exd5 cxd5 10. c4 O-O 11. cxd5 Nxd5 12. Qb3 N5b6 13. Ne4 Be7 14. a4 a5 15.
Be3 Bb4 16. d4 Bxf3 17. Bxf3 Kh8 18. dxe5 Nxe5 19. Bg2 Qd5 20. Qc2 Nbc4 21. Bf4
Qd3 22. Rac1 Rac8 23. Bxe5 Qxc2 24. Bxg7+ Kxg7 25. Rxc2 Nd6 26. Nc3 b5 27. Rfc1
Bxc3 28. Rxc3 bxa4 29. Bc6 Rb8 30. Rd1 Nf5 31. Rc5 Rfc8 32. Rd7 Nh6 33. h4 Rxb2
34. Rg5+ Kf8 35. Bxa4 Rc4 36. Bd1 a4 37. Ra5 Rb1 38. Kg2 Ra1 39. Bh5 Ra2 40. Rd6
Ng8 41. Rd8+ Kg7 42. Rg5+ Kf6 43. Rdxg8 Rcc2 44. R8g7 Rxf2+ 45. Kh3 Ke6 46. Rxh7
Rad2 47. Ra5 f5 48. Rh6+ 1-0

[Event "World Rapid 2018"]
[Site "St Petersburg RUS"]
[Date "2018.12.26"]
[Round "1.71"]
[White "Zubritskiy, Artyom"]
[Black "Antipov, Mikhail Al."]
[Result "1-0"]
[WhiteTitle "IM"]
[BlackTitle "GM"]
[WhiteElo "2442"]
[BlackElo "2589"]
[WhiteFideId "4181247"]
[BlackFideId "4107012"]
[EventDate "2018.12.26"]

1. c4 e5 2. g3 h5 3. h4 Nc6 4. Bg2 Bc5 5. Nc3 a6 6. Nf3 d6 7. O-O Nge7 8. a3 Bg4
9. b4 Ba7 10. e3 f5 11. Qc2 e4 12. Ng5 Ne5 13. d4 Nxc4 14. Ne6 Qd7 15. d5 Ne5
16. Nxg7+ Kf7 17. Ne6 Rag8 18. Bb2 Nf3+ 19. Bxf3 Bxf3 20. Ne2 Nxd5 21. Ng5+ Rxg5
22. hxg5 f4 23. Kh2 Qg4 24. Nxf4 Nxf4 25. Qxc7+ Ke6 26. exf4 h4 27. f5+ Qxf5 28.
Bxh8 hxg3+ 29. fxg3 Qxg5 30. Qc8+ Ke7 31. Rxf3 Qd2+ 32. Rf2 Qxf2+ 33. Kh3 Qf3
34. Qxb7+ Ke6 35. Qxa7 Qh5+ 36. Kg2 Qf3+ 37. Kh2 e3 38. Qd4 Kd7 39. Rd1 Ke8 40.
Qd5 Qf2+ 41. Kh3 e2 42. Qe4+ Kd7 43. Qb7+ Ke8 44. Qe4+ Kd7 45. Rc1 Qf1+ 46. Rxf1
exf1=Q+ 47. Kh4 Qc1 48. Bd4 Qxa3 49. Be3 Qb2 50. Bf4 Qh8+ 51. Kg4 Qg7+ 52. Kf3
Qc3+ 53. Ke2 a5 54. Qf5+ Kd8 55. Qf8+ Kd7 56. Qxd6+ Ke8 57. Qe5+ 1-0

[Event "World Rapid 2018"]
[Site "St Petersburg RUS"]
[Date "2018.12.26"]
[Round "1.72"]
[White "Vallejo Pons, Francisco"]
[Black "Sharma, Dinesh K."]
[Result "0-1"]
[WhiteTitle "GM"]
[BlackTitle "IM"]
[WhiteElo "2695"]
[BlackElo "2295"]
[WhiteFideId "2205530"]
[BlackFideId "5004110"]
[EventDate "2018.12.26"]

1. e4 c5 2. Nf3 e6 3. Nc3 Nc6 4. d4 cxd4 5. Nxd4 Qc7 6. g3 a6 7. Bg2 h5 8. h3 h4
9. g4 Bc5 10. Nb3 Ba7 11. Qe2 Nge7 12. f4 b5 13. Rf1 b4 14. Na4 a5 15. Be3 g5
16. e5 Bxe3 17. Qxe3 Ng6 18. fxg5 Qxe5 19. Rf3 Nf4 20. Bh1 Qxe3+ 21. Rxe3 Rg8
22. O-O-O Rxg5 23. Rf1 Ng6 24. Nb6 Rb8 25. Nc4 Nge5 26. Nxe5 Nxe5 27. Nxa5 Ba6
28. Rg1 Nd3+ 29. cxd3 Rxa5 30. Kb1 Rc8 31. d4 Bc4 32. a3 bxa3 33. Rxa3 Rxa3 34.
bxa3 Rb8+ 35. Kc2 Rb3 36. a4 Rxh3 37. Ra1 Bb3+ 38. Kd2 Bxa4 39. d5 Ke7 40. Ke2
Bb3 41. dxe6 Bxe6 42. Bf3 Rg3 43. Ra4 Kf6 44. Kf2 Kg6 45. Rb4 d5 46. Rd4 Kg5 47.
Bxd5 Rxg4 48. Rd3 Rb4 49. Bxe6 fxe6 50. Rd8 Rf4+ 51. Ke3 Rf6 52. Rg8+ Rg6 53.
Rh8 Kg4 54. Kf2 h3 55. Kg1 Kg3 56. Ra8 e5 57. Ra3+ Kh4+ 58. Kf2 Rg2+ 59. Kf1 Rg3
60. Ra4+ Rg4 61. Ra8 Rf4+ 62. Kg1 e4 63. Ra3 Rg4+ 64. Kh2 Rg2+ 65. Kh1 Re2 66.
Ra8 Kg3 67. Rg8+ Kf3 68. Rh8 Re1+ 69. Kh2 e3 70. Rf8+ Ke2 71. Ra8 Rf1 72. Kxh3
Kf2 73. Rf8+ Ke1 74. Ra8 e2 75. Kg2 Kd2 0-1

[Event "World Rapid 2018"]
[Site "St Petersburg RUS"]
[Date "2018.12.26"]
[Round "1.73"]
[White "Fakhrutdinov, Timur"]
[Black "Inarkiev, Ernesto"]
[Result "0-1"]
[WhiteTitle "FM"]
[BlackTitle "GM"]
[WhiteElo "2481"]
[BlackElo "2693"]
[WhiteFideId "24176702"]
[BlackFideId "4162722"]
[EventDate "2018.12.26"]

1. e4 e5 2. Nf3 Nc6 3. Bc4 Nf6 4. Ng5 d5 5. exd5 Na5 6. Bb5+ c6 7. dxc6 bxc6 8.
Bd3 Nd5 9. Nf3 Nf4 10. O-O Bd6 11. Re1 Nxd3 12. cxd3 O-O 13. Nc3 c5 14. b3 Re8
15. Ne4 Ba6 16. Qc2 Bf8 17. Ba3 Rc8 18. Qc3 f6 19. Nxc5 Nb7 20. b4 Nxc5 21. bxc5
Qd5 22. Qb3 Red8 23. d4 exd4 24. Rac1 Rb8 25. Qxd5+ Rxd5 26. Re6 Bc8 27. Re4 d3
28. h3 Kf7 29. Ra4 a6 30. Nd4 Bd7 31. Rac4 Bb5 32. Rb4 Ra8 33. Nxb5 axb5 34. Rb3
Rd4 35. f3 Rc4 36. Bb2 Bxc5+ 37. Kf1 Rxa2 38. Rb1 Rb4 39. Bc3 Rxb3 40. Rxb3 b4
41. Bb2 Ke6 42. Ke1 Kd5 43. Bc1 Kc4 44. Rb1 Bd4 0-1

[Event "World Rapid 2018"]
[Site "St Petersburg RUS"]
[Date "2018.12.26"]
[Round "1.74"]
[White "Kovalev, Vladislav"]
[Black "Tsoi, Dmitry"]
[Result "0-1"]
[WhiteTitle "GM"]
[BlackTitle "FM"]
[WhiteElo "2683"]
[BlackElo "2424"]
[WhiteFideId "13504398"]
[BlackFideId "24194697"]
[EventDate "2018.12.26"]

1. e4 e5 2. Nf3 d6 3. d4 exd4 4. Nxd4 Nf6 5. Nc3 Be7 6. Bf4 O-O 7. Qd2 c6 8.
O-O-O b5 9. f3 b4 10. Na4 Bd7 11. b3 d5 12. exd5 Nxd5 13. Bg3 Bg5 14. f4 Bf6 15.
Bc4 Nc3 16. Nxc3 bxc3 17. Qxc3 c5 18. Qf3 Qa5 19. Bxf7+ Kh8 20. Qxa8 Qa3+ 21.
Kd2 Bxd4 22. Qd5 Qb4+ 23. Kc1 Qa3+ 24. Kd2 Qa5+ 25. Kc1 Bc3 26. Rd3 Qa3+ 27. Kd1
Bg4+ 28. Rf3 Qxa2 29. Re1 Qa1+ 30. Ke2 Qa6+ 31. Kf2 Bxe1+ 32. Kxe1 Bxf3 33. gxf3
Nc6 34. Qc4 Qa1+ 35. Kf2 Qd4+ 36. Kg2 Qxc4 37. Bxc4 Nb4 38. c3 Na2 39. Bf2 Rxf4
40. Bxc5 a5 41. Be3 Rf8 42. b4 axb4 43. Bxa2 bxc3 44. Bd5 Rc8 45. Be4 c2 46. Bc1
Rd8 47. Bg5 Rc8 48. Bc1 Rb8 49. Bg5 Rb1 50. Bxc2 Rb2 51. Kg3 Rxc2 52. Be3 Kg8
53. Bd4 Rc4 54. Ba1 Kf7 55. Bb2 g6 56. Be5 Ke6 57. Bf4 Kf5 58. Bd2 g5 59. Be3 h5
60. Ba7 Rc3 61. Kg2 Rb3 62. Bc5 Rb2+ 63. Kg3 Rc2 64. Bd6 Rc6 65. Bb8 Rc3 66. Kg2
Ra3 67. Bc7 Ke6 68. Bd8 Kf5 69. Bc7 Rb3 70. Bd6 Rb7 71. Kg3 Rb6 72. Bc7 Rb3 73.
Kg2 Rd3 74. Bb8 Ke6 75. Bc7 Rd7 76. Bb6 Rb7 77. Bd8 Kf5 78. Ba5 Rb2+ 79. Kg3 h4+
80. Kh3 Rf2 81. Bc7 Rxf3+ 82. Kg2 Rb3 83. h3 Ke4 84. Bd6 Rb2+ 85. Kg1 Kf3 86.
Bc7 Rg2+ 87. Kh1 Rd2 88. Kg1 Rd7 89. Bb8 Re7 90. Bd6 Rb7 91. Kh1 Rd7 92. Bb8 Rd4
93. Bc7 Rf4 94. Kh2 Rb4 95. Bd6 Rb7 96. Kh1 Ra7 97. Bb8 Ra2 98. Bc7 Ra8 99. Kg1
Rc8 100. Bd6 Ke4 101. Kg2 Kd5 102. Be7 Re8 103. Bf6 Ke4 104. Bb2 Ra8 105. Bf6
Ra2+ 106. Kf1 Kf3 107. Kg1 Kg3 108. Kf1 Rf2+ 0-1

[Event "World Rapid 2018"]
[Site "St Petersburg RUS"]
[Date "2018.12.26"]
[Round "1.76"]
[White "Salgado Lopez, Ivan"]
[Black "Borisenko, Viacheslav"]
[Result "1/2-1/2"]
[WhiteTitle "GM"]
[BlackTitle "IM"]
[WhiteElo "2629"]
[BlackElo "2289"]
[WhiteFideId "2257327"]
[BlackFideId "14115824"]
[EventDate "2018.12.26"]

1. e4 c5 2. c3 e5 3. Nf3 Nc6 4. Bb5 d6 5. O-O Nf6 6. Re1 Be7 7. d4 cxd4 8. cxd4
exd4 9. Nxd4 Bd7 10. Nc3 O-O 11. Nxc6 bxc6 12. Bc4 Ng4 13. h3 Ne5 14. Bb3 a5 15.
Bf4 Qc8 16. Rc1 Be6 17. Nd5 Bd8 18. Ba4 Ra6 19. Bb5 Qa8 20. Bxa6 Qxa6 21. Bxe5
dxe5 22. Ne3 Be7 23. Qa4 Rc8 24. Red1 g6 25. Nc4 Bg5 26. Rc3 Rb8 27. Qc2 a4 28.
Nxe5 Bxa2 29. Nxc6 Rb6 30. Nd4 Bf6 31. Ra3 Rb4 32. Rxa2 Bxd4 33. Rd2 Qb5 34. g3
h5 35. h4 Kg7 36. Kg2 Kg8 37. Qc8+ Kg7 38. Qd8 Qc4 39. Qd5 Qxd5 40. exd5 Kf6 41.
Ra3 Ke5 42. Rf3 f5 43. Rfd3 Kxd5 44. Kf3 Kc5 45. Rc2+ Kb5 46. Rdd2 Rc4 47. Ke2
Rxc2 48. Rxc2 Kb4 49. Kd3 Kb3 50. f4 Bxb2 51. Rc6 Ba3 52. Rc3+ Kb2 53. Rc4 Kb3
54. Rc3+ Kb2 55. Rc4 Kb3 56. Rc3+ Kb2 57. Rc4 1/2-1/2

[Event "World Rapid 2018"]
[Site "St Petersburg RUS"]
[Date "2018.12.26"]
[Round "1.77"]
[White "Yakubboev, Nodirbek"]
[Black "Sarana, Alexey"]
[Result "1/2-1/2"]
[WhiteTitle "IM"]
[BlackTitle "GM"]
[WhiteElo "2556"]
[BlackElo "2618"]
[WhiteFideId "14203987"]
[BlackFideId "24133795"]
[EventDate "2018.12.26"]

1. d4 Nf6 2. Bg5 g6 3. Nc3 Bg7 4. e4 d6 5. Qd2 h6 6. Bf4 g5 7. Be3 Ng4 8. Bc4
Nxe3 9. fxe3 c6 10. Nge2 b5 11. Bb3 a5 12. O-O e6 13. a3 Ba6 14. d5 exd5 15.
exd5 c5 16. Ng3 a4 17. Nf5 Be5 18. Ba2 b4 19. axb4 Bxf1 20. Rxf1 cxb4 21. Nb5
Na6 22. Bc4 Qb6 23. Qf2 Rf8 24. Nxh6 O-O-O 25. Nxf7 Kb8 26. Qe2 Rc8 27. c3 Bf4
28. Nd4 Bxe3+ 29. Qxe3 Rxc4 30. Qe7 Rcc8 31. Nxd6 Rxf1+ 32. Kxf1 bxc3 33. bxc3
Qb1+ 34. Ke2 Qb2+ 35. Kf1 Qa1+ 36. Kf2 Qa2+ 37. Ke1 Qa1+ 38. Kf2 Qb2+ 39. Kf1
Qc1+ 40. Ke2 Qb2+ 41. Kf1 Qb1+ 1/2-1/2

[Event "World Rapid 2018"]
[Site "St Petersburg RUS"]
[Date "2018.12.26"]
[Round "1.78"]
[White "Piorun, Kacper"]
[Black "Hirneise, Jens"]
[Result "1-0"]
[WhiteTitle "GM"]
[BlackTitle "FM"]
[WhiteElo "2634"]
[BlackElo "2371"]
[WhiteFideId "1130420"]
[BlackFideId "24614734"]
[EventDate "2018.12.26"]

1. c4 g6 2. g3 Bg7 3. Bg2 Nf6 4. Nc3 O-O 5. e4 d6 6. Nge2 c5 7. O-O Nc6 8. d3
Ne8 9. Be3 Nd4 10. Rb1 Nc7 11. b4 b6 12. Qd2 Bb7 13. Bh6 Nxe2+ 14. Nxe2 Bxh6 15.
Qxh6 e5 16. f4 Qf6 17. f5 Qg7 18. Qe3 f6 19. h4 Na6 20. a3 Nb8 21. Kh2 Nc6 22.
g4 Nd4 23. Ng3 cxb4 24. axb4 a5 25. bxa5 bxa5 26. g5 Bc8 27. Bh3 a4 28. Rb2 Rf7
29. gxf6 Rxf6 30. Nh5 a3 31. Nxg7 axb2 32. Ne8 Rf8 33. Rb1 Rxe8 34. fxg6 Bxh3
35. Qh6 Ra7 36. gxh7+ Kh8 37. Kxh3 Rg7 38. Rxb2 Ne6 39. Rf2 Nf4+ 40. Rxf4 exf4
41. Qxf4 Rb8 42. Qxd6 Rb1 43. Qf8+ Kxh7 44. Qf3 Rgg1 45. Kh2 Rbf1 46. Qe3 Re1
47. Qxg1 1-0

[Event "World Rapid 2018"]
[Site "St Petersburg RUS"]
[Date "2018.12.26"]
[Round "1.79"]
[White "Pogosyan, Stefan"]
[Black "Frolyanov, Dmitry"]
[Result "0-1"]
[WhiteTitle "FM"]
[BlackTitle "GM"]
[WhiteElo "2365"]
[BlackElo "2517"]
[WhiteFideId "34159867"]
[BlackFideId "4151976"]
[EventDate "2018.12.26"]

1. d4 d5 2. c4 e6 3. Nf3 Nf6 4. Bg5 dxc4 5. Qa4+ c6 6. Qxc4 b5 7. Qc2 Bb7 8. e4
h6 9. Be3 Nbd7 10. Nc3 b4 11. Na4 c5 12. Nxc5 Bxc5 13. dxc5 Bxe4 14. Qa4 O-O 15.
Be2 Nd5 16. Rc1 Bxf3 17. Bxf3 Ne5 18. Be2 Nxe3 19. fxe3 Qh4+ 20. g3 Qe4 21. Kf2
f5 22. h3 Ng4+ 0-1

[Event "World Rapid 2018"]
[Site "St Petersburg RUS"]
[Date "2018.12.26"]
[Round "1.80"]
[White "Rakhmanov, Aleksandr"]
[Black "Pershin, Denis"]
[Result "1-0"]
[WhiteTitle "GM"]
[WhiteElo "2629"]
[BlackElo "2400"]
[WhiteFideId "4173708"]
[BlackFideId "24165506"]
[EventDate "2018.12.26"]

1. c4 c6 2. d4 d5 3. Nf3 Nf6 4. cxd5 cxd5 5. Nc3 Nc6 6. Bf4 a6 7. Ne5 Qb6 8.
Nxc6 bxc6 9. f3 e6 10. Na4 Qb4+ 11. Kf2 Bd6 12. Qd2 Qb8 13. Bxd6 Qxd6 14. Rc1
O-O 15. e3 e5 16. dxe5 Qxe5 17. Qd4 Qd6 18. Bd3 Be6 19. Qf4 Qe7 20. b3 Bd7 21.
Rc2 Rfe8 22. Rhc1 Rab8 23. Qd4 a5 24. g3 Rb4 25. Qc5 Qe5 26. Bf1 Bf5 27. Rd2 Be4
28. Bg2 Qf5 29. Kg1 Bd3 30. e4 Bxe4 31. fxe4 Nxe4 32. Qxc6 Rbb8 33. Qxd5 Qf6 34.
Bxe4 Red8 35. Qxa5 Rxd2 36. Qxd2 Rd8 37. Qf2 Qe5 38. Re1 Qg5 39. Qf5 1-0

[Event "World Rapid 2018"]
[Site "St Petersburg RUS"]
[Date "2018.12.26"]
[Round "1.82"]
[White "Paravyan, David"]
[Black "Ovchinnikov, Vsevolod"]
[Result "0-1"]
[WhiteTitle "GM"]
[BlackTitle "FM"]
[WhiteElo "2634"]
[BlackElo "2329"]
[WhiteFideId "4194985"]
[BlackFideId "24176842"]
[EventDate "2018.12.26"]

1. d4 Nf6 2. c4 g6 3. Nf3 Bg7 4. e3 O-O 5. Be2 d5 6. cxd5 Nxd5 7. O-O c5 8. e4
Nf6 9. e5 Nd5 10. dxc5 Nc6 11. Re1 Be6 12. Na3 Nxe5 13. Nxe5 Bxe5 14. Bf3 Bg7
15. Nb5 Qa5 16. a4 Rad8 17. Bd2 Qa6 18. Qc1 Rd7 19. Bh6 Bxh6 20. Qxh6 Rc8 21.
Bxd5 Bxd5 22. b4 Qf6 23. Nxa7 Ra8 24. Nb5 Bc6 25. Qc1 Qh4 26. Qc3 Qg4 27. f3 Qf4
28. Red1 Rxa4 29. Rxd7 Rxa1+ 30. Qxa1 Bxd7 31. Nd4 e5 32. Ne2 Qe3+ 33. Kf1 Bb5
34. Qb2 h5 35. Ke1 Kh7 36. h3 Kg8 37. Qd2 Qa3 38. Kf2 Qb3 39. Ng3 Bc6 40. Nf1
Qc4 41. Ne3 Qh4+ 42. Kg1 Qf4 43. Kf2 Qh4+ 44. Ke2 e4 45. fxe4 Qxe4 46. Qd3 Qxb4
47. Qd8+ Kg7 48. Qe7 Qb2+ 49. Ke1 Qf6 50. Qc7 Qc3+ 51. Ke2 Qxc5 52. Qf4 Qb5+ 53.
Kf2 Qb2+ 54. Kg1 Qf6 55. Qc4 Qe5 56. Kf2 Qf6+ 57. Kg1 Qa1+ 58. Kf2 Qb2+ 59. Kg1
Qe5 60. Kf2 Be4 61. g3 b5 62. Qb4 h4 63. Ng4 Qxg3+ 64. Ke2 Bf3+ 65. Kd2 Bxg4 66.
Qd4+ Kg8 67. hxg4 Qg2+ 68. Ke1 h3 69. Qd8+ Kg7 70. Qd4+ Kh7 71. Qf6 Qg3+ 72. Kd2
Qxg4 73. Qxf7+ Kh6 74. Qf8+ Kg5 75. Qe7+ Kf4 76. Qe3+ Kf5 77. Qc5+ Kf6 78. Qf8+
Ke5 79. Qc5+ Ke4 80. Qe3+ Kd5 81. Qb3+ Kc6 82. Qc3+ Kd6 83. Qd3+ Kc5 84. Qc3+
Kb6 85. Qe3+ Ka6 86. Qa3+ Kb7 87. Qe7+ Kc6 88. Qf6+ Kd5 89. Qd8+ Kc4 90. Qc7+
Kd5 91. Qd8+ Ke5 92. Qc7+ Kf6 93. Qd8+ Kf7 94. Qc7+ Kg8 95. Qd8+ Kh7 96. Qe7+
Kh6 97. Qf8+ Kh5 98. Qh8+ Kg5 99. Qd8+ Kf4 100. Qd4+ Kf3 101. Qd5+ Kg3 102. Qd3+
Kf2 103. Qe3+ Kg2 104. Qe5 h2 105. Qd5+ Kg1 106. Qc5+ Kg2 107. Qc6+ Kh3 108.
Qc3+ Qg3 109. Qc8+ Kg2 110. Qc6+ Qf3 111. Qxg6+ Kf1 112. Qb1+ Kf2 113. Qxb5 Qe3+
114. Kc2 h1=Q 115. Qf5+ Qhf3 0-1

[Event "World Rapid 2018"]
[Site "St Petersburg RUS"]
[Date "2018.12.26"]
[Round "1.85"]
[White "Vokhidov, Shamsiddin"]
[Black "Novikov, Stanislav"]
[Result "1/2-1/2"]
[WhiteTitle "IM"]
[BlackTitle "GM"]
[WhiteElo "2480"]
[BlackElo "2540"]
[WhiteFideId "14204223"]
[BlackFideId "4125371"]
[EventDate "2018.12.26"]

1. e4 g6 2. d4 Bg7 3. Nc3 c6 4. Bc4 b5 5. Bb3 a5 6. a3 Ba6 7. Nf3 b4 8. Na4 Bb5
9. Bd2 Nf6 10. e5 Nd5 11. c4 bxc3 12. bxc3 O-O 13. c4 Bxa4 14. Bxa4 Nb6 15. Bb3
d6 16. O-O c5 17. dxc5 dxc5 18. Qe2 Nc6 19. Rad1 Qc7 20. Bc3 Rfd8 21. Qe3 a4 22.
Ba2 e6 23. h4 Nd4 24. Nxd4 cxd4 25. Rxd4 Rxd4 26. Bxd4 Nd7 27. Re1 Bf8 28. h5
Rb8 29. Rd1 Nc5 30. Rb1 Rxb1+ 31. Bxb1 Nb3 32. Bb2 Qxc4 33. Bd3 Qd5 34. hxg6
hxg6 35. Qe4 Qd7 36. Bc2 Qd2 37. Qd3 Qe1+ 38. Qf1 Qd2 39. Qd3 Qe1+ 40. Qf1 Qa5
41. Qd3 Nc5 42. Bc3 Nxd3 43. Bxa5 Nxe5 44. Bc3 Ng4 45. Bd1 f5 46. Bxa4 Bc5 47.
Be1 Bxa3 48. Bb3 Kf7 49. Kf1 Bc5 50. g3 Bd4 51. Ke2 Kf6 52. f3 Ne5 53. f4 Nf7
54. Kf3 g5 55. g4 gxf4 56. gxf5 Kxf5 57. Bxe6+ Kxe6 58. Kxf4 Be5+ 59. Ke4 Nd6+
60. Kd3 Kd5 61. Bc3 Bg3 62. Bb4 Nc4 63. Bc3 Bf4 64. Bf6 Nd6 65. Bd4 Ne4 66. Be3
Be5 67. Bb6 Ng5 68. Be3 Ne6 69. Bd2 Nc5+ 70. Ke3 Bd4+ 71. Kf3 Ne6 72. Be3 Bc3
73. Bf4 Nd4+ 74. Ke3 Bb2 75. Kd3 Ne6 76. Be3 Bf6 77. Bf2 Nf4+ 78. Ke3 Bg5 79.
Kf3 Nd3 80. Be3 Ne5+ 81. Ke2 Be7 82. Bf4 Ng6 83. Kf3 1/2-1/2

[Event "World Rapid 2018"]
[Site "St Petersburg RUS"]
[Date "2018.12.26"]
[Round "1.86"]
[White "Lintchevski, Daniil"]
[Black "Perdomo, Carlos Andres"]
[Result "1-0"]
[WhiteTitle "GM"]
[BlackTitle "IM"]
[WhiteElo "2516"]
[BlackElo "2301"]
[WhiteFideId "4171055"]
[BlackFideId "4400852"]
[EventDate "2018.12.26"]

1. e4 c5 2. Nf3 e6 3. d4 cxd4 4. Nxd4 a6 5. Bd3 d6 6. c4 Nd7 7. O-O Qc7 8. Nc3
Ngf6 9. f4 Be7 10. Qe2 g6 11. Bd2 e5 12. Nf3 exf4 13. Bxf4 O-O 14. Kh1 Nc5 15.
e5 Nh5 16. Bh6 Nxd3 17. Qxd3 Bf5 18. Qe2 dxe5 19. Nd5 Qd8 20. Qxe5 Re8 21. Qd4
Bf6 22. Nxf6+ Qxf6 23. Rad1 Qxd4 24. Nxd4 Be4 25. Kg1 f5 26. Nb3 Rac8 27. Rd4
Ng7 28. Bxg7 Kxg7 29. Rd7+ Kf6 30. Nd2 Bc6 31. Rd6+ Kg7 32. Kf2 Rcd8 33. Rxd8
Rxd8 34. Nb3 Kf6 35. Re1 Rd3 36. Re2 Rd1 37. Nc5 Rd4 38. b3 Rg4 39. g3 Rd4 40.
Ke3 Rd1 41. a4 Rb1 42. Kd4 Rd1+ 43. Kc3 h5 44. b4 Rf1 45. b5 axb5 46. axb5 Bf3
47. Re6+ Kf7 48. Rb6 Rf2 49. Nd3 Re2 50. c5 Re3 51. Rd6 g5 52. c6 bxc6 53. bxc6
Re6 54. Rxe6 Kxe6 55. c7 Bb7 56. Nc5+ Kd6 57. Nxb7+ Kxc7 58. Nc5 Kd6 59. Kd4 h4
60. gxh4 gxh4 61. Nd3 1-0